| 000 | 00760nam a2200265 a 4500 | ||
|---|---|---|---|
| 001 | 31355 | ||
| 003 | AR-BaAGN | ||
| 005 | 20231116145651.0 | ||
| 007 | ta | ||
| 008 | 220625s2019 ag |||||r|||| ||||||spa d | ||
| 020 | _a978-987-655-215-8 | ||
| 040 |
_dAR-BaAGN _aAR-BaAGN _bspa _eaacr |
||
| 100 | 1 | _aGonzález Fasani, Ana Mónica | |
| 245 | 1 | 0 |
_aMujeres del infinito : _blas carmelitas descalzas en la Córdoba colonial. |
| 250 | _a1ª ed. | ||
| 260 |
_aBahía Blanca : _bEditorial de la Universidad Nacional del Sur, _c2019. |
||
| 300 | _a266 páginas | ||
| 336 |
_2rdacontent _btxt |
||
| 337 |
_2rdamedia _bn |
||
| 338 |
_2rdacarrier _bnc |
||
| 650 | 4 |
_aCRISTIANISMO _91625 |
|
| 650 | 4 |
_aORDENES RELIGIOSAS _91458 |
|
| 942 | _cLIBRO | ||
| 999 |
_c31355 _d31355 |
||